00631nam a2200205Ia 4500003000400000005001700004008004100021020001900062040000700081041000800088082001600096100002500112245005000137260003800187300000900225650002300234942001300257999001900270952013600289OSt20250809110512.0250729s2005 xx 000 0 und d a978-8125938460 cAL aeng a370.15 SKIE aAggarwal J C9221174 aTeacher and education in a developing society aNew DelhibVikas Publishingc2005 a755p aPsychology9221175 2ddccBED c234888d234888 001040708BEDaALbALd2025-07-29eSita Book Houseg250.00l0o370.15 SKIEpBED00207r2025-07-29 16:53:32v250.00w2025-07-29yBK